| 000 | nam a22 a 4500 | ||
|---|---|---|---|
| 999 |
_c168125 _d168125 |
||
| 003 | BLK | ||
| 005 | 20230505093630.0 | ||
| 008 | 180411b bul|||||r ||||||| ||bul|| | ||
| 010 | _aKNG00175995000 | ||
| 040 | _aBLK | ||
| 041 |
_aBUL _cBUL |
||
| 072 | 7 |
_2bullib _aЯ _xАвтографи |
|
| 072 | 7 |
_2bullib _aК _xКраезнание |
|
| 080 |
_aБългарска литература _b821.163.2 _x-2 _z821.163.2-2 |
||
| 100 | 1 |
_aДашков, Тодор Христов _d1890-1965 _9382461 |
|
| 139 |
_aДашков, Тодор Христов _bД 25 |
||
| 245 | 1 | 0 |
_aРусалина _bДрама в 3 д. _cТодор Дашков. |
| 257 | _aBGR | ||
| 260 |
_aСофия _bБибл. Простори _c1934 _fСофия : А. Георгиев _9219806 |
||
| 300 |
_a78 с. _c18 см |
||
| 380 | _aX | ||
| 490 |
_aБиблиотека Простори _v№ 5 _9208026 |
||
| 852 |
_aЦб 8.175.4560 _bО |
||
| 852 |
_aК 821.163.2-32/Д 25 Т _bК |
||
| 856 | 4 |
_qpdf _i0.00 _linternal use only _fРусалина _uhttp://185.138.176.146:18082/cgi-bin/koha/opac-retrieve-file.pl?id=2ad312bb99ba48e0a5412c25a70f10b1 _xebook _zРусалина |
|
| 856 | 4 |
_qpdf _i0.00 _ldisable |
|
| 942 |
_cKNG _n0 _s1 |
||
| 944 |
_aCR _c29.05.2015 _kВалентина_Караджова |
||
| 944 |
_aED _c2023-04-12 _kКети |
||
| 999 | _d168125 | ||
| 999 | _d168125 | ||